| 000 | 01269nam a22001577a 4500 | ||
|---|---|---|---|
| 005 | 20260702151603.0 | ||
| 020 | _a9798289342904 | ||
| 082 | _a658.409GEM | ||
| 100 | _aGemberling, Dean. | ||
| 245 |
_aServant Leadership Made Simple: _b7 Essential Steps to Build Trust, Inspire Loyalty, Strengthen Relationships, and Lead with Lasting Impact |
||
| 260 |
_aIndependently published _bIndependently published _c2025 |
||
| 300 | _a143p. | ||
| 520 | _aServant Leadership Made Simple by Elijah T. Grant presents a practical guide to developing leadership by putting the needs and growth of others first. The book explains how leaders can build trust, strengthen relationships, inspire loyalty, and create high-performing teams through humility, empathy, active listening, ethical decision-making, and service. Rather than relying on authority or position, it encourages readers to lead by example, empower others, foster collaboration, and cultivate a positive organizational culture. Through clear, actionable steps and real-world applications, the book demonstrates that servant leadership is an effective approach for achieving sustainable organizational success while promoting the personal and professional development of employees | ||
| 650 | _aLeadership | ||
| 942 | _cBK | ||
| 999 |
_c11532 _d11532 |
||